[Event "8th Sharjah Masters 2025"]
[Site "Sharjah UAE"]
[Date "2025.05.20"]
[Round "4.31"]
[White "Movahed, Sina"]
[Black "Samunenkov, Ihor"]
[Result "0-1"]
[WhiteTitle "GM"]
[BlackTitle "GM"]
[WhiteElo "2518"]
[BlackElo "2572"]
[WhiteFideId "42520835"]
[BlackFideId "14187086"]
[EventDate "2025.05.17"]

1. e4 c5 2. Nf3 Nc6 3. d4 cxd4 4. Nxd4 Nf6 5. Nc3 e5 6. Ndb5 d6 7. Nd5 Nxd5 8.
exd5 Nb8 9. c4 Be7 10. c5 O-O 11. Bd3 Na6 12. cxd6 Bxd6 13. O-O Nc7 14. Bg5 Qd7
15. Qh5 f5 16. Nxd6 Qxd6 17. Rfd1 Bd7 18. Rac1 Rac8 19. Qh4 Nxd5 20. Bc4 Be6 21.
h3 Rf7 22. Rc3 Rxc4 23. Rxc4 f4 24. Qh5 Rf5 25. Qe8+ Rf8 26. Qb5 h6 27. Bh4 g5
28. Qxb7 Rf7 29. Qa8+ Rf8 30. Qb7 Rf7 31. Qc6 Rd7 32. Qa8+ Kg7 33. Rc6 Qe7 34.
Qb8 Bf7 35. Re1 e4 36. Bg3 Rb7 37. Qc8 fxg3 38. fxg3 Rxb2 39. Qg4 Nf6 40. Qf5 e3
41. Rc3 Qb7 42. Qf1 Rf2 0-1

[Event "8th Sharjah Masters 2025"]
[Site "Sharjah UAE"]
[Date "2025.05.20"]
[Round "4.32"]
[White "Gavrilescu, David"]
[Black "Isik, Alparslan"]
[Result "1/2-1/2"]
[WhiteTitle "GM"]
[BlackTitle "IM"]
[WhiteElo "2554"]
[BlackElo "2482"]
[WhiteFideId "1227190"]
[BlackFideId "34506896"]
[EventDate "2025.05.17"]

1. e4 c6 2. Nf3 d5 3. Nc3 dxe4 4. Nxe4 Nf6 5. Qe2 Nxe4 6. Qxe4 Be6 7. b3 Nd7 8.
Bb2 Nf6 9. Qe3 Nd5 10. Qe5 Qc7 11. Qxc7 Nxc7 12. Nd4 Bd7 13. O-O-O O-O-O 14. f4
e6 15. Bc4 Bd6 16. Rhf1 f6 17. g3 e5 18. fxe5 Bxe5 19. Nf5 Bxb2+ 20. Kxb2 Bxf5
21. Rxf5 Rhe8 22. a4 Rd6 23. g4 h6 24. Rf4 Nd5 25. Rd4 Re5 26. Rf1 Kc7 27. Rf2
Nb6 28. Rdf4 Nxc4+ 29. Rxc4 Rde6 30. Kc3 Re4 31. h3 Kd6 32. Rd4+ Rxd4 33. Kxd4
c5+ 34. Kd3 Re5 35. c3 h5 36. Rf4 hxg4 37. hxg4 Ke6 38. b4 g5 39. Rc4 b6 40. a5
f5 41. axb6 axb6 42. bxc5 bxc5 43. Ra4 fxg4 44. Rxg4 Kf5 45. Rg1 Rd5+ 46. Kc4
Rxd2 47. Kxc5 g4 48. c4 Kf4 49. Kb6 Rb2+ 50. Kc6 g3 51. c5 Kf3 52. Kd7 Rd2+ 53.
Kc7 Kf2 54. Ra1 g2 55. c6 g1=Q 56. Rxg1 Kxg1 57. Kb7 Rc2 58. c7 Rxc7+ 59. Kxc7 1/2-1/2

[Event "8th Sharjah Masters 2025"]
[Site "Sharjah UAE"]
[Date "2025.05.20"]
[Round "4.33"]
[White "Jumabayev, Rinat"]
[Black "Divya, Deshmukh"]
[Result "1/2-1/2"]
[WhiteTitle "GM"]
[BlackTitle "IM"]
[WhiteElo "2551"]
[BlackElo "2469"]
[WhiteFideId "13702661"]
[BlackFideId "35006916"]
[EventDate "2025.05.17"]

1. Nf3 Nf6 2. g3 d5 3. Bg2 e6 4. O-O Be7 5. c4 O-O 6. d4 a5 7. Qc2 Nc6 8. a3
dxc4 9. Qxc4 a4 10. Bf4 Bd7 11. Nc3 Na5 12. Qd3 Nd5 13. Ne5 Nxf4 14. gxf4 Bd6
15. Nxd7 Qxd7 16. e3 Rab8 17. Ne4 Be7 18. Rad1 b5 19. Qc2 Rfd8 20. Rd3 b4 21.
axb4 Rxb4 22. Rc3 Bd6 23. Nc5 Qb5 24. Rb1 Bxc5 25. Rxc5 Qb6 26. Rxc7 g6 27. Rc1
Nb3 28. Rd1 Na5 29. Rc5 Nb7 30. Rc6 Qb5 31. Bf1 Qf5 32. Ra1 Nd6 33. Qxf5 gxf5
34. Rc2 Rdb8 35. Ra2 Kg7 36. h3 Kf6 37. Kg2 Rb3 38. Be2 Ne4 39. Bf3 h6 40. Rxa4
Rxb2 41. Rxb2 Rxb2 42. Bxe4 fxe4 43. Ra5 Kg6 44. Re5 Rb6 45. Rxe4 f6 46. f5+
Kxf5 47. Rg4 e5 48. d5 e4 49. Rh4 Ke5 50. Rxh6 Kxd5 51. h4 Ke5 52. Rg6 Rb8 53.
Rg3 Rh8 54. Kh3 f5 55. Rg6 Rh7 56. Ra6 Rh8 57. Rb6 Rh7 58. Rb8 Kf6 59. Ra8 Ke5
60. Ra1 Rh8 61. Rb1 Rh7 62. Rg1 Rh8 63. Rg5 Kf6 64. Kg3 Rh7 65. Rg8 Ke5 66. Rc8
Rg7+ 67. Kh3 Rh7 68. Rc5+ Kf6 69. Rc1 Ke5 70. Rh1 Kf6 71. Kg2 Kg6 72. Kg3 Kf6
73. Kf4 Rh5 74. Rh2 Ke6 75. f3 exf3 76. Kxf3 Ke5 77. Rh1 Ke6 78. Kg3 Ke5 79. Ra1
Ke4 80. Kf2 Rh8 81. Ra4+ Ke5 82. Kf3 Rh7 83. Rb4 Rh8 84. Kg3 Rg8+ 85. Kf2 Rh8
86. Rf4 Rh7 87. Kg2 Rg7+ 88. Kh3 Rh7 89. Ra4 Rh8 90. Rb4 Rh7 91. Rb8 Ke4 92.
Re8+ Kf3 93. Re5 Rh5 94. Re7 Rh8 95. Re6 Rh7 96. Re8 Rh6 97. Rf8 Rh5 98. Re8 Rh7
99. Re5 Rh5 100. e4 Kf4 101. Rxf5+ Rxf5 102. exf5 Kxf5 103. h5 Kg5 104. h6 Kxh6 1/2-1/2

[Event "8th Sharjah Masters 2025"]
[Site "Sharjah UAE"]
[Date "2025.05.20"]
[Round "4.34"]
[White "Pang, Tao"]
[Black "Vakhidov, Jakhongir"]
[Result "1-0"]
[WhiteTitle "IM"]
[BlackTitle "GM"]
[WhiteElo "2485"]
[BlackElo "2546"]
[WhiteFideId "8609950"]
[BlackFideId "14201801"]
[EventDate "2025.05.17"]

1. Nf3 d5 2. d4 Nf6 3. c4 e6 4. Nc3 Bb4 5. Bg5 h6 6. Bxf6 Bxc3+ 7. bxc3 Qxf6 8.
e3 O-O 9. Be2 dxc4 10. Bxc4 Nd7 11. O-O b6 12. Bb5 Rd8 13. Bc6 Rb8 14. Qa4 a6
15. Qa3 a5 16. Rad1 Bb7 17. Ne5 Nf8 18. e4 Ba6 19. Rfe1 Ng6 20. Nd7 Rxd7 21.
Bxd7 Nf4 22. Re3 Qg6 23. g3 Be2 24. Re1 Qg4 25. R1xe2 Nxe2+ 26. Kf1 Nxd4 27.
cxd4 Qd1+ 28. Kg2 Qxd4 29. Bc6 Qc4 30. Rc3 Qd4 31. Qc1 Rd8 32. a4 Rd6 33. Rc4
Qd3 34. Qc2 Qa3 35. e5 Rd8 36. Qc3 Qxc3 37. Rxc3 Kf8 38. Bb5 c5 39. Rd3 Rc8 40.
Kf3 f6 41. Ke4 1-0

[Event "8th Sharjah Masters 2025"]
[Site "Sharjah UAE"]
[Date "2025.05.20"]
[Round "4.35"]
[White "Raja, Rithvik R"]
[Black "Seemann, Jakub"]
[Result "1-0"]
[WhiteTitle "GM"]
[BlackTitle "IM"]
[WhiteElo "2545"]
[BlackElo "2453"]
[WhiteFideId "35007394"]
[BlackFideId "21874697"]
[EventDate "2025.05.17"]

1. d4 Nf6 2. c4 e6 3. Nf3 d5 4. Nc3 Bb4 5. e3 O-O 6. Bd2 b6 7. cxd5 exd5 8. Bd3
Bb7 9. O-O Be7 10. Ne5 c5 11. Qf3 Nc6 12. Rfd1 cxd4 13. Nxc6 Bxc6 14. exd4 Re8
15. Rac1 Ne4 16. Nxe4 dxe4 17. Bxe4 Bxe4 18. Qxe4 Bf6 19. Qc6 Qxd4 20. Bc3 Qf4
21. g3 Qh6 22. Bxf6 Qxf6 23. Qxf6 gxf6 24. Rc7 Re2 25. Rdd7 Rf8 26. Rxa7 Rxb2
27. Rdb7 Kg7 28. a4 Kg6 29. Ra6 Rc8 30. Rbxb6 Rxb6 31. Rxb6 Rc4 32. a5 Ra4 33.
a6 h5 34. h4 Kf5 35. Kg2 Ra3 36. Rc6 Ke5 37. g4 hxg4 38. h5 Kf5 39. Rc5+ Kf4 40.
h6 Rxa6 41. Rc8 1-0

[Event "8th Sharjah Masters 2025"]
[Site "Sharjah UAE"]
[Date "2025.05.20"]
[Round "4.36"]
[White "Tarhan, Adar"]
[Black "Kuybokarov, Temur"]
[Result "1-0"]
[WhiteTitle "IM"]
[BlackTitle "GM"]
[WhiteElo "2472"]
[BlackElo "2542"]
[WhiteFideId "34544712"]
[BlackFideId "14203049"]
[EventDate "2025.05.17"]

1. d4 Nf6 2. c4 g6 3. g3 c6 4. Bg2 d5 5. cxd5 cxd5 6. Nf3 Bg7 7. O-O O-O 8. Nc3
Ne4 9. Ne5 Nxc3 10. bxc3 Nc6 11. Nxc6 bxc6 12. Qa4 Qb6 13. Ba3 Qa6 14. Qxa6 Bxa6
15. Rfb1 Bxe2 16. Bxe7 Rfb8 17. Bd6 Rxb1+ 18. Rxb1 Bd3 19. Rb7 Re8 20. Bf1 Re1
21. Rb8+ Bf8 22. Rxf8+ Kg7 23. Re8 Rxf1+ 24. Kg2 f5 25. h4 Ra1 26. Re7+ Kf6 27.
Rxa7 h6 28. Be5+ Ke6 29. Bf4 Bb1 30. Kf3 Rxa2 31. Rc7 g5 32. hxg5 hxg5 33. Bxg5
Ra6 34. Kf4 Be4 35. f3 Bc2 36. Be7 Bd1 37. Kg5 Ra8 38. Bc5 Rg8+ 39. Kf4 Ba4 40.
Rh7 Kf6 41. Bd6 Kg6 42. Ra7 Bb5 43. Be5 Re8 44. Rg7+ Kh6 45. Rf7 1-0

[Event "8th Sharjah Masters 2025"]
[Site "Sharjah UAE"]
[Date "2025.05.20"]
[Round "4.37"]
[White "Sychev, Klementy"]
[Black "Siddharth, Jagadeesh"]
[Result "0-1"]
[WhiteTitle "GM"]
[BlackTitle "GM"]
[WhiteElo "2542"]
[BlackElo "2472"]
[WhiteFideId "4114060"]
[BlackFideId "5818320"]
[EventDate "2025.05.17"]

1. d4 d5 2. c4 e6 3. Nf3 Nf6 4. Nc3 Be7 5. g3 O-O 6. Bg2 Nbd7 7. Qd3 b6 8. cxd5
Nxd5 9. O-O Bb7 10. Nxd5 exd5 11. b3 Re8 12. Bf4 c5 13. Rac1 h6 14. Rfd1 Bf8 15.
dxc5 bxc5 16. Qb5 Nb6 17. Be3 Rxe3 18. fxe3 Qe7 19. Kh1 Rb8 20. Qa5 Ba8 21. Ne1
c4 22. Nc2 h5 23. Rd4 cxb3 24. axb3 Rc8 25. Qe1 g6 26. Rd3 Nd7 27. Nd4 Re8 28.
Rdc3 Bh6 29. Rc8 Bxe3 30. Rxe8+ Qxe8 31. Rd1 Nf6 32. h3 h4 33. g4 Ne4 34. Bxe4
Qxe4+ 35. Nf3 g5 36. Qc3 d4 37. Qc8+ Kg7 38. Qf5 Qe7 39. Rf1 Be4 40. Qa5 Qd6 41.
Qe1 Qf4 42. Kg2 f5 43. Kh1 fxg4 44. Qa5 gxf3 45. Qxa7+ Kh6 0-1

[Event "8th Sharjah Masters 2025"]
[Site "Sharjah UAE"]
[Date "2025.05.20"]
[Round "4.38"]
[White "Gupta, Abhijeet"]
[Black "Aswath, S"]
[Result "1/2-1/2"]
[WhiteTitle "GM"]
[BlackTitle "IM"]
[WhiteElo "2577"]
[BlackElo "2515"]
[WhiteFideId "5010608"]
[BlackFideId "46694919"]
[EventDate "2025.05.17"]

1. d4 Nf6 2. c4 e6 3. Nf3 d5 4. Nc3 Nbd7 5. cxd5 exd5 6. Bf4 Bb4 7. Rc1 c6 8. e3
Ne4 9. Bd3 O-O 10. O-O Re8 11. Qb3 Bxc3 12. bxc3 Nb6 13. a4 c5 14. Qa3 c4 15.
Bxe4 dxe4 16. Nd2 Bd7 17. a5 Nd5 18. Be5 f6 19. Bd6 Qc8 20. Ra1 Qc6 21. Bg3 b5
22. axb6 axb6 23. Qb2 f5 24. Be5 b5 25. Rfc1 b4 26. Rab1 bxc3 27. Rxc3 Ra2 28.
Qxa2 Nxc3 29. d5 Nxd5 30. Nxc4 Ra8 31. Qb3 Rc8 32. Nd6 Qc1+ 33. Qd1 Qxd1+ 34.
Rxd1 Rc5 35. Ra1 h6 36. Bd4 Rc6 37. Nb5 f4 38. h3 Rg6 39. Ra8+ Kh7 40. Rd8 Nf6
41. Bxf6 Bxb5 42. Bd4 f3 43. g4 Bc4 44. Rc8 Be6 45. Rc5 Rg5 46. Rc6 Bd5 47. Rd6
h5 48. Kh2 hxg4 49. hxg4 Bb7 50. Rd7 Bc8 51. Rc7 Bxg4 52. Kg3 Be6+ 53. Kf4 Rg4+
54. Ke5 Bb3 55. Kf5 Rg2 56. Kxe4 Rxf2 57. Rxg7+ Kh6 58. Rg3 Be6 59. Ke5 Bd7 60.
e4 Rf1 61. Be3+ Kh5 62. Rg5+ Kh4 63. Rg7 Bc6 64. Kf4 Kh3 65. Rg6 Bb7 66. Rb6 Bc8
67. Rb8 Bd7 68. Rb7 Be6 69. Rb2 Bd7 70. e5 f2 71. Bxf2 Kg2 72. Ke3 Rd1 73. Rb6
Bf5 74. Kf4 Bd7 75. Rb2 Rf1 76. Ke3 Ra1 77. Be1+ Kh3 78. Bc3 Ra3 79. Kd4 Kg4 80.
Rg2+ Kf5 81. Rf2+ Kg5 82. Bd2+ Kg6 83. Rf6+ Kg7 84. Bh6+ Kh7 85. Bc1 Ra4+ 86.
Kc5 Be8 87. e6 Ra6 88. Bb2 Ba4 89. Bc3 Ra8 90. Kd6 Ra6+ 91. Kc5 Ra8 92. Rf4 Kg6
93. Rf6+ Kg5 94. Rf2 Rc8+ 95. Kd4 Rc6 96. Bd2+ Kg6 97. Kd5 Rb6 98. Rg2+ Kf5 99.
Rf2+ Kg6 100. e7 Rf6 101. Re2 Kf7 102. Bb4 Bc6+ 103. Kd4 Be8 104. Bc5 Rf5 105.
Re1 Rf6 106. Kc4 Rf5 107. Kb4 Rf4+ 108. Ka5 Rf6 109. Re3 Rc6 110. Kb4 Rf6 111.
Kc4 Rf5 112. Bd6 Kf6 113. Rh3 Ke6 114. Ba3 Rf4+ 115. Kc3 Kd7 116. Rd3+ Ke6 117.
Bc5 Kf6 118. Re3 Kf7 119. Bd4 Rf5 120. Kb4 Rd5 121. Kc4 Rf5 122. Bc5 Rf4+ 123.
Kd5 Rf5+ 124. Kd4 Kf6 125. Bd6 Kf7 126. Rh3 Ke6 127. Rh6+ Rf6 128. Rh8 Kxd6 129.
Rxe8 Re6 1/2-1/2

[Event "8th Sharjah Masters 2025"]
[Site "Sharjah UAE"]
[Date "2025.05.20"]
[Round "4.39"]
[White "Aronyak, Ghosh"]
[Black "Sethuraman, S.P."]
[Result "1/2-1/2"]
[WhiteTitle "IM"]
[BlackTitle "GM"]
[WhiteElo "2514"]
[BlackElo "2552"]
[WhiteFideId "25072846"]
[BlackFideId "5021596"]
[EventDate "2025.05.17"]

1. d4 Nf6 2. c4 g6 3. g3 Bg7 4. Bg2 O-O 5. Nc3 d6 6. Nf3 Nbd7 7. O-O e5 8. e4
exd4 9. Nxd4 Re8 10. Be3 c6 11. Qd2 Ne5 12. b3 Neg4 13. Bf4 Nh5 14. Bg5 Qb6 15.
Rad1 h6 16. Be3 Nxe3 17. Qxe3 Nf6 18. h3 Nd7 19. Rfe1 Nc5 20. Nde2 Qb4 21. Qd2
Be6 22. Nb1 a5 23. Nf4 Qxd2 24. Rxd2 Bf5 25. f3 Bf8 26. Red1 Bc8 27. h4 a4 28.
b4 Nd7 29. a3 Ne5 30. Rc2 f5 31. Nd2 Kf7 32. Ne2 Bg7 33. Kh2 Bf6 34. Rf1 Kg7 35.
Nf4 Bd7 36. Bh3 Kf7 37. exf5 gxf5 38. Rd1 Ng6 39. Ne4 fxe4 40. Bxd7 Re7 41. Nxg6
Kxg6 42. Rxd6 exf3 43. Bg4 Re3 44. Rf2 Rxa3 45. Bxf3 Rf8 46. Rd7 Re3 47. Bd1 Re7
48. Bc2+ Kg7 49. Rxe7+ Bxe7 50. Rxf8 1/2-1/2

[Event "8th Sharjah Masters 2025"]
[Site "Sharjah UAE"]
[Date "2025.05.20"]
[Round "4.40"]
[White "Ferreira, Jorge Viterbo"]
[Black "Davtyan, Artur"]
[Result "1/2-1/2"]
[WhiteTitle "GM"]
[BlackTitle "IM"]
[WhiteElo "2537"]
[BlackElo "2485"]
[WhiteFideId "1910850"]
[BlackFideId "13308327"]
[EventDate "2025.05.17"]

1. e4 e5 2. Nf3 Nc6 3. Bb5 Nf6 4. d3 Bc5 5. c3 O-O 6. Bg5 d6 7. O-O Bd7 8. Nbd2
h6 9. Bh4 a6 10. Ba4 b5 11. Bc2 g5 12. Bg3 Bb6 13. Re1 Nh7 14. h3 h5 15. Nf1 h4
16. Bh2 g4 17. hxg4 Bxg4 18. Ne3 Bh5 19. Qd2 h3 20. Bd1 Qf6 21. Bg3 Bxe3 22.
Qxe3 Bxf3 23. Bxf3 hxg2 24. Kxg2 Qg5 25. Qxg5+ Nxg5 26. Bg4 f6 27. a4 b4 28.
Rec1 Ra7 29. a5 bxc3 30. bxc3 Rb8 31. Ra4 Rb2 32. Rca1 Kf7 33. R1a2 Rb3 34. Rc4
Ne7 35. f4 exf4 36. Bxf4 Rab7 37. Kg3 Ne6 38. Be3 c5 39. Rh2 Ra3 40. Rh7+ Kg8
41. Rh6 Kf7 42. Rh7+ Kg8 43. Rh6 Kf7 44. Rh7+ 1/2-1/2

[Event "8th Sharjah Masters 2025"]
[Site "Sharjah UAE"]
[Date "2025.05.20"]
[Round "4.41"]
[White "Royal, Shreyas"]
[Black "Injac, Teodora"]
[Result "1-0"]
[WhiteTitle "GM"]
[BlackTitle "IM"]
[WhiteElo "2493"]
[BlackElo "2474"]
[WhiteFideId "448869"]
[BlackFideId "932400"]
[EventDate "2025.05.17"]

1. Nf3 Nf6 2. c4 e6 3. Nc3 d5 4. e3 c5 5. cxd5 exd5 6. d4 Nc6 7. Bb5 Bd6 8. O-O
O-O 9. dxc5 Bxc5 10. b3 Bd6 11. Bb2 Bc7 12. h3 Bf5 13. Bd3 Bxd3 14. Qxd3 Ne5 15.
Nxe5 Bxe5 16. Rac1 Qa5 17. a3 Rfe8 18. Rfd1 Qd8 19. Rc2 Qb6 20. b4 Rad8 21. Na4
Qd6 22. Bxe5 Qxe5 23. Nc5 Re7 24. Nb3 h6 25. Rdc1 Ne4 26. Nd4 Nd6 27. Nf3 Qe6
28. Rc5 Ne4 29. R5c2 Nd6 30. Rc5 Ne4 31. Rc7 Red7 32. Qc2 Nd6 33. Nd4 Qe7 34.
Qc5 Rxc7 35. Qxc7 Qxc7 36. Rxc7 Kf8 37. Kf1 Ke8 38. Ke2 Rd7 39. Rc5 Ne4 40. Rc8+
Ke7 41. Nb3 Rd8 42. Rc7+ Rd7 43. Rc2 h5 44. Kd3 h4 45. a4 g6 46. Kd4 Ng5 47. Kd3
Ne6 48. Nd4 Nxd4 49. Kxd4 Ke6 50. Rc8 Kf5 51. a5 g5 52. b5 f6 53. Re8 b6 54. a6
Rc7 55. Kxd5 Rc5+ 56. Kd6 Rxb5 57. Kc6 Rb2 58. g4+ hxg3 59. fxg3 b5 60. g4+ Kg6
61. Kb7 b4 62. Kxa7 b3 63. Rb8 Rb1 64. Rb6 b2 65. Kb7 Re1 66. Rxb2 Rxe3 67. a7
Re7+ 68. Ka6 1-0